| 000 | 01431nam a2200397 a 4500 | ||
|---|---|---|---|
| 001 | 000015256 | ||
| 003 | 000015256 | ||
| 005 | 20140709105501.0 | ||
| 008 | 100203s2005 dr a 000 0 spa d | ||
| 020 | _z999341011X | ||
| 040 |
_aBPMET _bspa _cBPMET |
||
| 049 | _aBNPD | ||
| 092 |
_a923.5 _bD985A |
||
| 100 | 1 | _aCassá, Roberto | |
| 245 | 1 | 0 |
_aAntonio Duvergé : _bprimer guerrero de la independencia / _cRoberto Cassá ; ilustraciones Ramiro Manzano, José Manuel Rodríguez. |
| 260 |
_aSanto Domingo : _bTobogan, _c2005. |
||
| 300 |
_a49 p. : _bil. ; _c21 cm. |
||
| 490 | 1 | _aBibliografías Dominicana Tobogan | |
| 504 | _aIncluye bibliografías [p. 49] | ||
| 600 | 1 | 4 |
_aDUVERGÉ, ANTONIO _d1807-1855 |
| 650 | 4 |
_aREPÚBLICA DOMINICANA _xBIOGRAFÍAS |
|
| 651 | 4 |
_aREPÚBLICA DOMINICANA _xHISTORIA _y1844-1864 |
|
| 700 | 1 |
_aManzano, Ramiro, _eil. |
|
| 700 | 1 |
_aRodríguez, José Manuel, _eil. |
|
| 830 | 0 | _aBibliografías Dominicana Tobogan | |
| 930 | 1 |
_lBND01 _mLF1 _820100203 _f01 _pCT _g9914 |
|
| 930 | 1 |
_lBND01 _mLF1 _820100413 _f01 _pCT _g9914 _he. 2 |
|
| 942 |
_2ddc _cBK |
||
| 956 |
_aVGENAO _b10 _c20100203 _lBND01 _h1542 |
||
| 956 |
_aVGENAO _b10 _c20100203 _lBND01 _h1542 |
||
| 956 |
_aIGARCIA _b10 _c20100205 _lBND01 _h1223 |
||
| 956 |
_aBATCH _b00 _c20100216 _lBND01 _h1119 |
||
| 956 |
_aBTAVAREZ _b10 _c20100413 _lBND01 _h1031 |
||
| 956 |
_aBTAVAREZ _b10 _c20100413 _lBND01 _h1032 |
||
| 956 |
_aARIVERA _b10 _c20100514 _lBND01 _h1529 |
||
| 999 |
_c7117 _d7117 |
||